000 01400cam a2200181 4500500
005 20260322001636.0
041 _afre
042 _adc
100 1 0 _aLee, Yu-Tse
_eauthor
700 1 0 _aSimon, Anne-Catherine
_eauthor
700 1 0 _aArnold, Aron
_eauthor
245 0 0 _aMás allá de la feminidad: Nuevos horizontes del sajiao en la sociedad taiwanesa.
260 _c2025.
500 _a61
520 _aEste estudio explora el fenómeno de sajiao en Taiwán, una práctica principalmente asociada a las mujeres y caracterizada por una voz y un comportamiento infantiles. Tradicionalmente utilizado en contextos íntimos, el sajiao refuerza una imagen de feminidad y dependencia, al tiempo que actúa como una estrategia de cortesía para subvertir las dinámicas de poder y obtener favores. Desde hace más de una década, su uso se ha extendido a los hombres, incluso en contextos profesionales, lo que refleja cambios sociales significativos. El estudio examina de forma empírica cómo esta práctica persiste y se adapta en una sociedad en evolución. Los resultados confirman que el sajiao se adopta independientemente del género o la orientación sexual, por lo que trasciende las fronteras.
786 0 _nLangage et société | 186 | 3 | 2025-12-22 | p. 87-115 | 0181-4095
856 4 1 _uhttps://shs.cairn.info/revista-langage-et-societe-2025-3-page-87?lang=es&redirect-ssocas=7080
999 _c1716539
_d1716539